00815nam a2200205 i 4500001001100000005001700011008004100028020001800069080002500087100004600112245009600158260007300254300004000327500002000367500001500387600005800402852001100460952012100471999001700592C00057987c20241029150458.0080206s2006 sp a c 001 spa d a84-8026-291-5 a73 Chirino, Martín1 aMartín de Argila, María Luisa.92560810aMartín Chirino b: esculturas : catálogo razonado / cMaría Luisa Martín de Argila. aMadrid : bMuseo Nacional Centro de Arte Reina Sofía, cD.L. 2006. a565 p. : bil. col. y n. ; c30 cm. aBibliografía. aÍndices.14aChirino, Martín (d1925-2019)-vCatálogos.9978934 jH-5156 001040708NORaRABASFbRABASFcDP2d2008-02-06eAl0oH-5156p1061247r2024-10-15 09:45:42w2024-10-15yFONDOMODER c54858d54858